00751 am a2200217 a 450000500170000000800410001702000150005804100080007310000180008124500380009925000110013726000440014830000110019250000810020365300230028465300340030765300760034165300480041765300250046565300430049020240222135055.0100701s1997||||ag # f |||| 001 0 spa d a9509129771 aspa1 aTesta, Mario. aPensar en salud / cMario Testa. a2a ed. aBuenos Aires: bLugar Editorial;c1997. a233 p. aTesta, M. (1997). Pensar en salud. (2a ed.). Buenos Aires : Lugar Editorial. aEnseñar medicina aTendencias en planificación aProblemas sociales y cuestión nacional (el dilema de la asignación) aAtención ¿primaria o primitiva? de salud aTecnología y salud aCiencias sociales y salud en Argentina